| 000 | 00445nam a2200169 a 4500 | ||
|---|---|---|---|
| 001 | 0000-9371 | ||
| 003 | ELIB.Books | ||
| 008 | 110520 1997 | ||
| 035 | _a(ELIB.Books)0000-9523 | ||
| 082 |
_a220.92 _bGru |
||
| 100 | _aGruen, Dietrich | ||
| 245 | _aWho,s who in the Bible | ||
| 260 |
_bLincolnwood: Publications Internation,Ltd. _c1997 |
||
| 650 | _aBible - Biography | ||
| 942 |
_2ddc _cBK |
||
| 998 |
_cbat _e2011-05-20 |
||
| 999 |
_c9371 _d9371 |
||